000
00271nam a2200097Ia 4500
001
718289
005
20250826163020.0
008
250824s9999 xx 000 0 und d
245
0
_a
FATİH SULTAN MEHMED VE İSTANBUL UN FETHİ
_c
YAVUZ BAHADIROĞLU
260
_b
PANAMA YAYINLARI
999
_c
718289
_d
718289